[Event "Winter Chess Classic-A 2019"]
[Site "Saint Louis"]
[Date "2019.11.17"]
[Round "8.1"]
[White "Sethuraman, S.P."]
[Black "Oparin, Grigoriy"]
[Result "1-0"]
[WhiteElo "2634"]
[BlackElo "2657"]
[Annotator "TA"]
[PlyCount "153"]
[EventDate "2019.11.10"]
[EventType "tourn"]
[EventCountry "USA"]
[SourceTitle "playchess.com"]
[Source "ChessBase"]
[SourceQuality "1"]

{[%evp 30,153,11,6,10,8,8,4,7,11,9,0,0,0,0,-16,-22,-8,-14,-17,-8,-8,-16,-16,-8,-12,10,0,22,11,22,13,41,36,41,33,40,35,50,52,56,49,50,50,56,36,64,22,25,10,65,56,77,78,81,76,87,81,81,74,66,76,91,66,145,145,147,152,149,150,154,156,148,151,183,181,211,217,437,412,572,567,1283,1283,1203,1211,1176,1160,29974,29974,12835,2219,1155,0,12810,621,602,594,670,574,785,782,761,721,884,841,577,1000,1067,1054,1029,980,2750,2685,2656,2609,2822,2445,12836,12837,12837,12836,7029,5628,2839,2627]} 1. e4 e5 2. Nf3 Nc6 3. Bb5 a6 4. Ba4 Nf6 5. O-O Be7 6. Re1 b5 7. Bb3 d6 8. c3 O-O 9. h3 Nb8 10. d4 Nbd7 11. Nbd2 Bb7 12. Bc2 Re8 13. Nf1 Bf8 14. Ng3 g6 15. b3 Bg7 16. d5 {[#]} Nb6 $146 {C95: Closed Ruy Lopez: Breyer Variation with 10 d4} (16... Qe7 17. c4 c6 18. Be3 Nc5 19. Qd2 a5 20. a3 a4 21. Bxc5 dxc5 22. cxb5 cxd5 23. exd5 axb3 24. Bxb3 {1-0 (33) Anand,V (2773)-Harikrishna,P (2729) Kolkata 2018}) ({Predecessor:} 16... Rc8 17. c4 c6 18. Rb1 Qc7 19. Bd3 Nc5 20. Bf1 a5 21. Bg5 b4 22. Qd2 {½-½ (34) Apicella,M (2532)-Schlosser,P (2602) Haguenau 2013}) 17. Rb1 c6 {[%cal Rc6d5]} 18. c4 Qc7 {The position is equal.} 19. Bd3 Nbd7 20. Bf1 Nc5 21. Bg5 b4 22. Qd2 a5 23. Nh2 Bc8 24. f3 h5 25. Be2 Bd7 26. Nhf1 Reb8 27. Red1 Ra6 28. dxc6 Rxc6 29. Ne3 Qa7 30. Kh2 Be6 31. Nd5 Bxd5 $1 32. cxd5 Rcc8 33. Rdc1 Nh7 34. Be3 Bf6 35. Nf1 {[%cal Bg3f1,Bf1d2,Bd2c4,Bc4b6,Bb6c8,Bc8a7,Ba7c6][%mdl 32]} Qe7 36. Rc2 Bg5 37. Rbc1 Kf8 38. Qe1 h4 39. Qf2 Qf6 (39... Kg7 $11) 40. Nd2 Bf4+ 41. Kg1 Kg7 42. Nc4 {aiming for Bxf4.} Nb7 43. Nb6 $36 {[%mdl 2048] White is in control.} Rxc2 44. Rxc2 Bxe3 45. Qxe3 {Threatens to win with Nd7.} Qe7 46. Nc8 Qe8 (46... Qd8 $14 47. Na7 Ra8) 47. Na7 $1 $16 Nc5 48. Nc6 Ra8 49. Bb5 f6 50. Qf2 Nf8 51. Qxh4 Nfd7 52. Qg4 Qf7 53. Nxa5 f5 $2 (53... Rxa5 54. Bxd7 Ra7) 54. exf5 $18 {[%mdl 64] Discovered Attack} Rxa5 55. Bxd7 $1 Qxd7 56. Qxg6+ (56. Rxc5 Qa7 $16) 56... Kf8 57. Rc4 {White wants to mate with Rg4.} e4 58. fxe4 Nd3 59. Qf6+ Kg8 {[#]} 60. Qg5+ (60. e5 $142 $1 Nxe5 61. Rh4) 60... Kf8 61. Qf6+ (61. Qh6+ $142 Kg8 62. Rc6) 61... Kg8 {[#]} 62. Qe6+ (62. e5 $142 $1 Nxe5 63. Rh4 Qa7+ 64. Kh1) 62... Qxe6 63. dxe6 {[%mdl 4096] Endgame KRN-KR} ({Weaker is} 63. fxe6 Kf8 $16) 63... Re5 64. g4 Nc5 65. Rxb4 Nxe4 66. Kg2 Kg7 67. Rb7+ Kf6 68. h4 {[%csl Ge6][%cal Rb7f7]} Ra5 69. a4 Ra8 70. Rb5 Ra7 71. g5+ Ke7 72. Kf3 Nc3 73. Rb8 d5 74. g6 Kf6 75. Rf8+ Ke5 76. Rf7 Ra8 77. g7 {Accuracy: White = 75%, Black = 44%.} 1-0

[Event "Winter Chess Classic-A 2019"]
[Site "Saint Louis"]
[Date "2019.11.17"]
[Round "8.2"]
[White "Xiong, Jeffery"]
[Black "Akobian, Varuzhan"]
[Result "1/2-1/2"]
[WhiteElo "2712"]
[BlackElo "2627"]
[Annotator "TA"]
[PlyCount "87"]
[EventDate "2019.11.10"]
[EventType "tourn"]
[EventCountry "USA"]
[SourceTitle "playchess.com"]
[Source "ChessBase"]
[SourceQuality "1"]

{[%evp 11,87,5,0,-5,-9,-29,-26,-28,0,-21,-22,-14,-12,-27,22,0,0,0,0,-10,22,12,22,0,17,-13,0,0,31,31,33,25,29,27,24,26,22,22,22,31,31,32,32,32,35,22,22,22,22,22,22,0,22,0,22,25,26,20,43,43,42,45,39,46,40,35,50,8,23,6,8,0,0,0,0,0,0,0]} 1. d4 d5 2. c4 e6 3. Nf3 Nf6 4. g3 dxc4 5. Bg2 c6 6. O-O b5 7. a4 $146 {E04: Open Catalan: 5 Nf3} ({Predecessor:} 7. Ne5 Bb7 8. a4 a6 9. b3 cxb3 10. Qxb3 Be7 11. Rd1 O-O 12. Nc3 Nd5 13. Ne4 {0-1 (31) Hoeffer,D (2276)-Buhmann,R (2601) Verden/Aller 2014}) 7... Bb7 8. b3 cxb3 9. Qxb3 {Black has an edge.} a6 10. Nc3 {[%cal Bb1c3,Bc3e4,Be4c5][%mdl 32]} Be7 11. Rd1 Nbd7 12. Ne5 Nd5 (12... b4 {keeps more tension.} 13. Bg5 a5 14. Nb5 Nb8 15. Rac1 Ra6) 13. Ne4 O-O 14. Nxd7 Qxd7 15. Nc5 Qc8 (15... Bxc5 $5 16. dxc5 Qe7 $11) 16. Ba3 Re8 17. Rac1 Qc7 18. Rc2 Rab8 19. Rdc1 b4 20. Bxb4 Bc8 21. Ba5 Rxb3 22. Bxc7 Rb4 23. Ba5 Bxc5 $1 24. Rxc5 Rxa4 25. e3 Bd7 26. Rb1 {[%mdl 1024] White has compensation.} f5 27. Bf3 Ra8 28. h4 h6 29. Bh5 Ra2 30. Bd1 Ra3 31. Bf3 Ra2 32. Bd1 Ra3 33. Bc2 Ra2 34. Kf1 g5 35. hxg5 hxg5 36. g4 Rf8 37. gxf5 exf5 38. Bb3 {[%mdl 64] [#] Double Attack} Ra3 39. Bc4 Kg7 40. Kg1 Kg6 {The position is equal.} 41. Bxd5 cxd5 42. Rxd5 {[#] Strongly threatening Bb4.} Bc6 43. Rd6+ Rf6 44. Rxf6+ {Accuracy: White = 44%, Black = 78%.} 1/2-1/2

[Event "Winter Chess Classic-A 2019"]
[Site "Saint Louis"]
[Date "2019.11.17"]
[Round "8.3"]
[White "Sevian, Samuel"]
[Black "Erdos, Viktor"]
[Result "1/2-1/2"]
[WhiteElo "2657"]
[BlackElo "2613"]
[Annotator "TA"]
[PlyCount "81"]
[EventDate "2019.11.10"]
[EventType "tourn"]
[EventCountry "USA"]
[SourceTitle "playchess.com"]
[Source "ChessBase"]
[SourceQuality "1"]

{[%evp 31,81,25,33,10,20,0,0,13,28,24,29,51,56,-55,-7,-29,-13,-77,-66,-70,-86,-64,-80,-73,-63,-76,18,17,9,15,15,14,10,25,16,16,16,-175,-174,-169,-151,-156,-161,-165,-147,-140,-92,-112,0,0,0,-90]} 1. e4 e5 2. Nf3 Nc6 3. Bb5 a6 4. Ba4 Nf6 5. O-O Be7 6. Re1 b5 7. Bb3 d6 8. c3 O-O 9. h3 Re8 10. Ng5 Rf8 11. Nf3 Re8 12. d4 Bb7 13. Ng5 Rf8 14. Nf3 Re8 15. Nbd2 Bf8 16. a3 h6 17. d5 {C93: Closed Ruy Lopez: Smyslov Variation} (17. Bc2 Nb8 18. b4 Nbd7 19. Bb2 Nb6 20. dxe5 dxe5 21. c4 bxc4 22. Nxe5 c5 23. Ndxc4 Nxc4 24. Nxc4 cxb4 25. e5 Qxd1 26. Rexd1 bxa3 27. Bxa3 {½-½ (67) Shankland,S (2705)-Ding,L (2811) chess.com INT 2019}) 17... Na5 18. Ba2 c6 $1 19. b4 cxd5 20. bxa5 $146 ({Predecessor:} 20. exd5 Nc4 21. Nxc4 bxc4 22. Bxc4 Rc8 23. Qb3 Qc7 24. Nd2 {½-½ (58) Penna,P (2205)-Scacco,M (2059) IECG email 1999}) 20... dxe4 21. Nh2 $1 d5 22. Nb3 (22. Ng4 $14) 22... Qc7 {[%mdl 1024] Black has compensation.} 23. Bb2 Rad8 24. Qe2 (24. Ng4 $11 {keeps the balance.}) 24... g6 $17 25. Rad1 Nh5 26. Qe3 Nf4 27. Ng4 {Strongly threatening Nf6+.} Re6 28. c4 dxc4 (28... bxc4 $17 29. Bxe5 Rxe5 30. Qxf4 {[%mdl 64] Pin} cxb3 31. Bxb3 Re7 32. Qxc7 Rxc7 33. Nf6+ Kg7 34. Nxd5 Rcd7) 29. Bxe5 $1 $11 Rxe5 30. Qxf4 {[%mdl 64] [#] Pin} Rxd1 31. Rxd1 Re7 32. Nf6+ Kh8 33. Qxc7 Rxc7 34. Rd8 $2 (34. Na1 $1 $11 {and White is okay.}) 34... cxb3 $19 35. Bxb3 Rc8 ({Don't do} 35... Rc1+ 36. Kh2 $15) 36. Rd7 Rc1+ 37. Kh2 Rc7 38. Rd8 Rc8 39. Rd7 {[%mdl 64] [#] Double Attack} Rc7 (39... Bc6 $17 40. Rxf7 Bd6+ 41. Kg1 Rc7) 40. Rd8 $11 Rc8 ({Black should play} 40... e3 $11 41. fxe3 Rc8) 41. Rd7 $1 {[%mdl 64] Double Attack. Accuracy: White = 48%, Black = 63%.} 1/2-1/2

[Event "Winter Chess Classic-A 2019"]
[Site "Saint Louis"]
[Date "2019.11.17"]
[Round "8.4"]
[White "Gabuzyan, Hovhannes"]
[Black "Jumabayev, Rinat"]
[Result "1-0"]
[WhiteElo "2616"]
[BlackElo "2641"]
[Annotator "TA"]
[PlyCount "87"]
[EventDate "2019.11.10"]
[EventType "tourn"]
[EventCountry "USA"]
[SourceTitle "playchess.com"]
[Source "ChessBase"]
[SourceQuality "1"]

{[%evp 9,87,-11,-14,-12,-11,-11,-10,-8,-4,-14,-6,-2,6,2,38,11,23,-14,0,0,0,0,0,8,27,13,21,0,0,-5,-16,-17,0,0,0,0,0,0,0,-14,0,0,0,-44,0,0,0,0,0,0,0,-2,-8,-8,-6,-8,0,0,0,-8,0,0,101,128,216,173,513,393,5636,5102,29978,29978,29983,29984,29985,29986,29986,29987,29995,29996]} 1. c4 e5 2. a3 Nf6 3. d3 a5 4. Bg5 $146 ({Predecessor:} 4. Nf3 Nc6 5. b3 d5 6. cxd5 Nxd5 7. Bb2 f6 8. g3 Be6 9. Bg2 Qd7 10. Nbd2 Be7 {½-½ (50) Fedoseev,V (2719)-Jumabayev,R (2602) St Petersburg 2018}) 4... h6 5. Bxf6 Qxf6 6. Nc3 {A20: English Opening: 1...e5} g6 7. g3 Bg7 8. Bg2 {The position is equal.} O-O 9. e3 c6 10. Nge2 Qe7 11. O-O f5 12. Qd2 d6 13. Rab1 Be6 14. b4 axb4 15. axb4 Nd7 16. b5 Rfc8 17. bxc6 bxc6 18. Rb7 Qd8 19. Rfb1 Ra6 20. h4 Nc5 21. R7b4 d5 22. cxd5 cxd5 23. Nb5 Nd7 24. d4 e4 25. Nf4 Bf7 26. Bf1 g5 (26... Bf8 {with more complications.} 27. R4b3 g5 28. Nc3 Rd6 29. Ng2 Be7) 27. hxg5 hxg5 28. Nxd5 Bxd5 29. Nc3 {[#]} Rxc3 $1 30. Qxc3 Rc6 31. Bc4 $132 {[%mdl 2048] White is not keeping still} Kh7 {aiming for ...Qc8.} 32. Qb3 $1 Rxc4 33. Rxc4 Nf6 34. Rbc1 Kg6 35. Qb5 {Black must now prevent Rc8.} f4 (35... Bxc4 $11 36. Qxc4 Qd7) 36. Rc8 $1 $16 {[%cal Rc8d8]} (36. exf4 gxf4 37. gxf4 Qd6 $11) 36... Qe7 {[#]} (36... Qd6 $16) 37. R1c5 $1 $18 {[%cal Rc5d5]} (37. exf4 gxf4 38. gxf4 Bh6 $16) 37... Qa7 $2 (37... fxe3 38. Rxd5 exf2+ 39. Kf1 (39. Kxf2 Nxd5 40. Qxd5 Qf6+ 41. Kg1 Qxd4+ 42. Qxd4 Bxd4+ 43. Kg2 Kf5 $11) 39... Nxd5 40. Qxd5 e3 41. Rc6+ Bf6) 38. gxf4 ({Weaker is} 38. Rxd5 Qa1+ 39. Qf1 Qxf1+ 40. Kxf1 Nxd5 $11) 38... gxf4 $2 (38... Qf7 39. Qf1 Nd7) 39. Rxd5 Qa1+ 40. Kh2 {White mates.} Ng4+ 41. Kg2 f3+ {[#]} 42. Kg3 $1 (42. Kh3 {is a self mate.} Nxf2+ 43. Kh4 Qh1+ 44. Kg3 Qg2+ 45. Kh4 Qh3#) 42... Qg1+ 43. Kf4 Bh6+ {[#]} 44. Rg5+ $1 {[%mdl 64] Double Attack. Accuracy: White = 71%, Black = 35%.} 1-0

[Event "Winter Chess Classic-A 2019"]
[Site "Saint Louis"]
[Date "2019.11.17"]
[Round "8.5"]
[White "Naroditsky, Daniel"]
[Black "Sarana, Alexey"]
[Result "0-1"]
[WhiteElo "2613"]
[BlackElo "2664"]
[Annotator "TA"]
[PlyCount "130"]
[EventDate "2019.11.10"]
[EventType "tourn"]
[EventCountry "USA"]
[SourceTitle "playchess.com"]
[Source "ChessBase"]
[SourceQuality "1"]

{[%evp 13,130,0,0,-14,-18,-12,-22,-19,0,0,0,0,6,-12,0,0,0,0,0,-24,-27,-31,-22,-50,-22,-31,-16,-39,0,0,0,-7,-3,-5,0,0,0,0,0,0,0,0,0,-5,-12,-30,-23,-47,-54,-42,-27,-60,-57,-31,0,-54,-50,-89,-86,-62,0,0,0,-91,-89,-86,-83,-108,-112,-201,-210,-206,-213,-203,-202,-207,-215,-208,-168,-243,-225,-291,-244,-313,-314,-304,-305,-376,-375,-472,-483,-12833,-12834,-12834,-12835,-12837,-12838,-12850,-27999,-12851,-12851,-12851,-27999,-12851,-27999,-12851,-27999,-12851,-12851,-12851,-27999,-12851,-29974,-12851,-29969,-12851,-27999,-12851,-29975]} 1. Nf3 d5 2. g3 Nf6 3. Bg2 g6 4. O-O Bg7 5. d4 c6 6. c3 O-O 7. Bf4 Nbd7 8. Ne5 {D02: 1 d4 d5 2 Nf3 sidelines, including 2...Nf6 3 g3 and 2...Nf6 3 Bf4} (8. Qc1 Re8 9. c4 dxc4 10. Qxc4 Nb6 11. Qc1 Bg4 12. Rd1 Qc8 13. Nc3 Nfd5 14. Bh6 Nxc3 15. bxc3 Nc4 {½-½ (34) Malakhov,V (2686)-Vitiugov,N (2722) St Petersburg 2017}) 8... Nh5 9. Nxd7 Qxd7 10. Bc1 $146 {The position is equal.} ({Predecessor:} 10. Be3 Re8 11. Qd2 Nf6 12. Bf4 Nh5 13. Be3 Nf6 {½-½ (13) Supancic,D (2297)-Kreisl,R (2427) Austria 2017}) 10... e5 11. dxe5 Bxe5 12. Nd2 Bg7 13. Qc2 Re8 14. e4 Nf6 15. exd5 Nxd5 16. Nc4 Qe7 17. Ne3 Nf6 18. Rd1 Be6 19. Bd2 h5 20. h3 a5 21. c4 Nd7 22. Bc3 Bxc3 23. Qxc3 Qf6 24. Rd4 Qe5 25. Rad1 Nf8 26. f4 Qc5 27. Kh2 Re7 28. Re4 Rae8 29. Re5 Qb4 30. Qc2 f6 31. Re4 Qc5 (31... h4 {is more complex.} 32. gxh4 Qc5 33. Qd2 Bxh3 34. Rxe7 Rxe7 35. Nd5 cxd5 36. Kxh3 Re3+) 32. Qc3 Bxh3 33. Rxe7 Rxe7 34. Kxh3 ({White should try} 34. Nd5 $1 $11 cxd5 35. Kxh3) 34... Qxe3 $15 35. Qxf6 h4 $1 $36 {[%csl Gh4][%cal Re3g3][%mdl 2048] Black has strong initiative.} 36. Qc3 hxg3 (36... Qe6+ $15 37. g4 Qe2) 37. Qxe3 $11 Rxe3 $15 {[%mdl 4096] Endgame KRB-KRN} 38. Rd2 (38. Rd8 $1 $11 {remains equal.}) 38... Kf7 $17 39. Kg4 {[#]} Kf6 $1 40. Bf3 Ne6 41. Rg2 (41. Rd6 $17) 41... Rd3 $19 42. b3 Rd4 43. Kxg3 Nxf4 ({Don't do} 43... Rxf4 44. Bg4 $17) 44. Rh2 Ne6 45. Rb2 Nc5 46. Be2 (46. Rf2 $142) 46... g5 47. a3 Rf4 48. Bf3 a4 {[%mdl 64] Overworked Piece} 49. bxa4 Rxc4 50. Bd1 Rd4 51. Rf2+ Ke5 {Threatens to win with ...Ne4+.} 52. Bc2 (52. Rf1 $142 Ne4+ 53. Kg2) 52... Ne4+ 53. Bxe4 Rxe4 {KR-KR} (53... Kxe4 $2 54. Rf7 $19) 54. Rb2 Rxa4 55. Rxb7 Rxa3+ 56. Kf2 g4 57. Rg7 {[#]} g3+ $1 58. Ke2 (58. Rxg3 Rxg3) 58... Ra2+ 59. Ke3 Ra3+ 60. Ke2 Kf4 61. Rc7 Ra2+ 62. Kf1 Rc2 (62... g2+ $19 63. Kg1 Kf3 64. Rf7+ Ke4) 63. Rf7+ Ke5 64. Rg7 g2+ 65. Kg1 c5 {Accuracy: White = 40%, Black = 73%.} 0-1

[Event "Winter Chess Classic-A 2019"]
[Site "Saint Louis"]
[Date "2019.11.18"]
[Round "9.1"]
[White "Sarana, Alexey"]
[Black "Sethuraman, S.P."]
[Result "1-0"]
[WhiteElo "2664"]
[BlackElo "2634"]
[Annotator "TA"]
[PlyCount "126"]
[EventDate "2019.11.10"]
[EventType "tourn"]
[EventCountry "USA"]
[SourceTitle "playchess.com"]
[Source "ChessBase"]
[SourceQuality "1"]

{[%evp 23,126,36,28,29,45,43,43,4,31,38,35,29,31,34,33,29,29,29,41,31,43,14,52,52,52,52,57,42,54,38,48,37,47,48,57,45,44,51,57,56,60,54,54,54,54,54,54,54,53,53,62,54,52,52,52,38,39,39,79,79,79,79,79,79,79,73,79,60,79,60,60,58,79,79,79,79,79,79,79,79,90,90,145,145,145,145,241,241,239,232,322,209,322,270,384,371,356,354,352,333,594,629,629,616,533]} 1. e4 e5 2. Nf3 Nc6 3. Bb5 a6 4. Ba4 Nf6 5. O-O Be7 6. Re1 b5 7. Bb3 O-O 8. c3 d5 9. exd5 Nxd5 10. Nxe5 Nxe5 11. Rxe5 c6 12. d3 Bd6 13. Re1 {C89: Closed Ruy Lopez: Marshall Attack} Qh4 14. g3 Qh3 15. Qf3 {White is slightly better.} Bf5 16. Be3 Bxd3 17. Nd2 Bf5 {[#]} 18. Bxd5 $146 ({Predecessor:} 18. Bd4 Rfe8 19. a4 Bg4 20. Qg2 Qh5 21. f3 Be6 22. Ne4 {½-½ (69) Inarkiev,E (2693)-Tomashevsky,E (2718) Mali Losinj 2019}) 18... cxd5 19. Qxd5 Rfd8 20. Qg2 Qxg2+ 21. Kxg2 b4 22. Bd4 bxc3 23. Bxc3 Be6 24. Ne4 Bf8 25. a3 h6 26. Re3 Rac8 27. Rae1 Rc6 28. f3 Be7 29. h4 Rd5 30. R1e2 h5 31. Nf2 Bc5 32. Re5 Rxe5 33. Rxe5 Bxa3 34. Rxh5 Be7 35. Ra5 Bc4 36. Ra4 f6 37. Ng4 Kf7 38. h5 Bb5 39. Rf4 {And now Ne5+ would win.} Re6 40. h6 {Hoping for h7.} gxh6 41. Nxh6+ Kg6 {[#]} 42. Nf5 $1 {[%cal Rf5e7]} Bd6 43. Nxd6 Rxd6 $16 {[%mdl 4096] Endgame KRB-KRB} 44. Re4 Bc6 45. Rc4 Re6 46. Kf2 Bb5 47. Rg4+ Kf7 48. Rf4 Kg6 49. g4 Rd6 50. Kg3 Bd7 51. Re4 Bc6 52. Rc4 Bd7 (52... f5 $142) 53. f4 Rd3+ 54. Kh4 Rd1 (54... Bb5 $16 55. Rc8 Kf7) 55. f5+ $18 Kf7 56. Rc7 Rh1+ 57. Kg3 Rg1+ (57... Rd1 $142 58. Ra7 Rd6) 58. Kf4 Rf1+ (58... Rd1 {was necessary.} 59. Ke4 Rd6) 59. Ke3 Rd1 60. Ra7 Rd6 {[#]} 61. Bb4 $1 {[%cal Rb4d6]} Rd5 $2 (61... Rd1 {might work better.} 62. Bc5 (62. Rxa6 Rg1 $18) 62... Ke8) 62. Rxa6 Bb5 63. Rb6 Re5+ {Accuracy: White = 74%, Black = 60%.} 1-0

[Event "Winter Chess Classic-A 2019"]
[Site "Saint Louis"]
[Date "2019.11.18"]
[Round "9.2"]
[White "Jumabayev, Rinat"]
[Black "Naroditsky, Daniel"]
[Result "0-1"]
[WhiteElo "2641"]
[BlackElo "2613"]
[Annotator "TA"]
[PlyCount "78"]
[EventDate "2019.11.10"]
[EventType "tourn"]
[EventCountry "USA"]
[SourceTitle "playchess.com"]
[Source "ChessBase"]
[SourceQuality "1"]

{[%evp 13,78,28,41,40,58,53,52,45,44,46,54,32,54,41,72,70,70,72,68,74,50,55,60,51,82,56,60,61,51,47,68,86,76,49,45,52,64,70,49,-248,-240,-259,-260,-250,-257,-291,-290,-261,-186,-222,-227,-343,-343,-321,-330,-394,-381,-377,-381,-369,-358,-489,-479,-493,-485,-470,-458]} 1. d4 Nf6 2. c4 g6 3. g3 Bg7 4. Bg2 O-O 5. Nf3 d6 6. O-O c6 7. Nc3 Bf5 8. Ng5 {E62: King's Indian: Fianchetto: 6...c6 and Panno Variation (6...Nc6) without ...a6} h6 (8... e5 9. d5 a5 10. e4 Bg4 11. Qb3 Na6 12. Be3 cxd5 13. cxd5 Nd7 14. Ne6 fxe6 15. dxe6 Nac5 {1-0 (48) Jumabayev,R (2630)-Berkes,F (2666) Khanty-Mansiysk 2019}) 9. e4 Bg4 10. Nf3 {White is slightly better.} e5 11. d5 cxd5 $146 ({Predecessor:} 11... c5 12. h3 Bd7 13. Qe2 Na6 14. a3 Nc7 15. b4 b6 {1-0 (42) Rambaldi,F (2347)-Xia,J (2287) Civitanova Marche 2013}) 12. cxd5 Na6 13. Be3 Qd7 14. Qd2 Kh7 15. Ne1 Bh3 16. Bxh3 Qxh3 17. f3 Qd7 18. Nd3 Rfc8 19. Rfc1 Ne8 20. Qf2 f5 21. Bxa7 b5 22. Be3 Nf6 23. Qg2 fxe4 24. fxe4 Ng4 25. Qh3 {[#] Threatens to win with Nf2.} Rc7 26. Nf2 $2 {[%mdl 8192]} (26. Re1 $14) 26... Nxe3 $19 27. Qxd7 Rxd7 28. Nxb5 Nb4 29. Rc3 Nec2 30. Rc1 Ra5 ({But not} 30... Rxa2 31. R3xc2 Nxc2 32. Rxc2 $17) ({Don't do} 30... Nxa2 31. R1xc2 Nxc3 32. bxc3 $17) 31. a4 {Rc4 would now be nice for White.} Nd4 {White must now prevent ...Ne2+.} ({Don't play} 31... Rxa4 32. R3xc2 Nxc2 33. Rxc2) 32. Nxd4 (32. Rc7 $142 Rxc7 33. Rxc7 Nxb5 34. axb5) 32... exd4 33. Rc4 Rb7 34. Ra1 d3 35. Ra3 d2 36. Nd1 Na6 37. Kf1 Bxb2 {Black is clearly winning.} 38. Rf3 Nc5 39. Ke2 Rxa4 {Accuracy: White = 58%, Black = 73%.} 0-1

[Event "Winter Chess Classic-A 2019"]
[Site "Saint Louis"]
[Date "2019.11.18"]
[Round "9.3"]
[White "Erdos, Viktor"]
[Black "Gabuzyan, Hovhannes"]
[Result "1-0"]
[WhiteElo "2613"]
[BlackElo "2616"]
[Annotator "TA"]
[PlyCount "93"]
[EventDate "2019.11.10"]
[EventType "tourn"]
[EventCountry "USA"]
[SourceTitle "playchess.com"]
[Source "ChessBase"]
[SourceQuality "1"]

{[%evp 21,93,39,54,54,54,52,53,58,50,56,54,31,27,16,8,9,24,0,50,51,52,51,54,24,52,52,114,93,120,91,102,97,96,42,46,37,37,36,23,0,13,7,45,0,102,80,80,89,95,91,83,89,133,99,715,718,718,711,715,713,647,514,1642,1583,1426,1379,1337,921,29967,29968,29966,29965,29964,29963]} 1. d4 Nf6 2. c4 c5 3. d5 e6 4. Nc3 exd5 5. cxd5 d6 6. Nf3 g6 7. Nd2 Bg7 8. e4 O-O 9. Be2 Na6 10. O-O Ne8 11. Nc4 f5 12. Bf4 {A73: Modern Benoni: Classical: Unusual Black 9th moves} (12. Re1 Rb8 13. a4 Nb4 14. Bf1 fxe4 15. Nxe4 Bf5 16. Bd2 Bd4 17. Bc3 Bxe4 18. Rxe4 Bxf2+ 19. Kh1 Qg5 {½-½ (30) Timman,J (2588)-Bacrot,E (2709) Antwerp 2009}) 12... fxe4 13. Qd2 Qe7 $146 ({Predecessor:} 13... Bxc3 14. bxc3 Nac7 15. Bg5 Qd7 16. f3 e3 17. Nxe3 b5 18. f4 Qg7 19. f5 gxf5 {1-0 (33) Cernousek,L (2468)-Povah,N (2310) Caleta 2018}) 14. Rae1 {White is slightly better.} Nac7 15. Bg5 e3 16. Bxe7 exd2 17. Rd1 Bxc3 18. Bxf8 Kxf8 19. bxc3 Nb5 20. Rxd2 {Strongly threatening Rc1.} Nxc3 21. Rc1 Nb5 22. Na5 Nd4 23. Bf1 Nf6 (23... Nf5 $14) 24. Re1 b6 25. Nc6 Nf5 26. f3 Bd7 27. g4 ({Better is} 27. Ba6 $16) 27... Bxc6 $1 $14 28. dxc6 Nd4 29. Rxd4 cxd4 {[%mdl 4096] Endgame KRB-KRN} 30. Re6 Ne8 $1 31. f4 Rd8 32. f5 {[%mdl 1024] White has compensation.} Nc7 {[#]} (32... gxf5 $11 33. gxf5 Nc7) 33. Rf6+ $1 $16 Ke7 34. g5 Rg8 35. h4 gxf5 36. Bd3 Rf8 37. Rxf5 Rxf5 $4 {[%mdl 8192]} (37... Rc8 $16) 38. Bxf5 {KB-KN} h6 39. gxh6 {[#] Black must now prevent h7.} Kf6 40. h7 Kg7 41. Kf2 b5 (41... a5 $142 42. Ke2 Na6) 42. Ke2 $18 a5 43. Kd3 a4 44. Kxd4 b4 45. Kc4 {White mates.} b3 46. a3 b2 47. Kc3 {Accuracy: White = 71%, Black = 42%.} 1-0

[Event "Winter Chess Classic-A 2019"]
[Site "Saint Louis"]
[Date "2019.11.18"]
[Round "9.4"]
[White "Akobian, Varuzhan"]
[Black "Sevian, Samuel"]
[Result "1/2-1/2"]
[WhiteElo "2627"]
[BlackElo "2657"]
[Annotator "TA"]
[PlyCount "60"]
[EventDate "2019.11.10"]
[EventType "tourn"]
[EventCountry "USA"]
[SourceTitle "playchess.com"]
[Source "ChessBase"]
[SourceQuality "1"]

{[%evp 20,60,9,0,0,-5,0,0,0,0,0,0,0,0,0,0,0,0,0,0,0,0,0,0,0,0,0,-14,0,0,0,0,0,0,8,0,14,0,9,0,0,0,12]} 1. d4 Nf6 2. c4 e6 3. Nc3 Bb4 4. Qc2 d5 5. cxd5 exd5 6. Bg5 h6 7. Bxf6 Qxf6 8. a3 Bxc3+ 9. Qxc3 O-O 10. e3 Bf5 11. Nf3 {The position is equal.} Rc8 {E35: Nimzo-Indian: Classical: 4...d5 5 cxd5 exd5} 12. Bd3 Bxd3 13. Qxd3 Nd7 14. O-O {[#]} a5 $146 ({Predecessor:} 14... c6 15. b4 a6 16. Rfc1 b5 17. Qc3 Nb6 18. Ne5 Nc4 19. a4 {½-½ (37) Andreikin,D (2736)-Giri,A (2767) Novi Sad 2016}) 15. Qb5 Qd6 16. Rfc1 Ra7 17. a4 c6 18. Qb3 Qe7 19. Ne1 Nf6 {[%cal Bd7f6,Bf6e4,Be4d6,Bd6c4][%mdl 32]} 20. Nd3 Ne4 21. Nc5 Nd6 22. Qb6 Rca8 23. Rc3 h5 24. Re1 h4 25. h3 Nc4 (25... Nc8 $5 26. Qb3 $8 Nd6 $11) 26. Qb3 Qf6 27. Nd7 Qd8 28. Nc5 Qf6 29. Nd7 Qd6 30. Nc5 Qf6 {Accuracy: White = 70%, Black = 84%.} 1/2-1/2